Pays à trouver 8 - Statistiques

Statistiques générales
  • Ce quiz a été pris 196 fois
  • Le résultat moyen est 12 sur 15
Statistiques - réponses
Réponse % Correct
Allemagne
92%
Andorre
91%
Turquie
91%
Angola
89%
Gabon
88%
Népal
88%
Albanie
87%
Tuvalu
87%
Algérie
82%
Turkménistan
82%
Tunisie
77%
Laos
75%
Antigua-et-Barbuda
72%
Gambie
72%
Luxembourg
67%
Aucun quiz correspondant
Distribution des résultats
% des personnes avec chaque résultat
Percentile par nombre de réponses
Votre historique - résultats
Vous n’avez pas pris ce quiz